Normal view
MARC view
- العقيلي، صالح ارشيد
Entry Personal Name
001 - CONTROL NUMBER
- control field: 33236
003 - CONTROL NUMBER IDENTIFIER
- control field: JO-AjAnu
005 - DATE AND TIME OF LATEST TRANSACTION
- control field: 20230606075558.0
008 - FIXED-LENGTH DATA ELEMENTS
- fixed length control field: 230606|| aca||aabn | a|a d
040 ## - CATALOGING SOURCE
- Original cataloging agency: JO-AjAnu
- Transcribing agency: JO-AjAnu
100 ## - HEADING--PERSONAL NAME
- Personal name: العقيلي، صالح ارشيد
670 ## - SOURCE DATA FOUND
- Source citation: Work cat.: (JO-AjAnu)17074: العقيلي، صالح ارشيد, author, المهارات الحاسوبية الاساسية والبرمجيات الجاهزة 2000